1915 1020 1039 1522 1205 1131 1516 1596 1173 1318 1118 1498 1178 1095 1140 1590 1608 1871 1863 1104 1387 1219 1354 1440 1691 1773 1159 1729 1998 1562 1195 1193 1761 1449 1458 1691 1789 1749 1725 1672 1948 1224 1715 1445 1778 1851 1157 1776 1109 1541 1778 1411 1142 1711 1348 1283 1827 1403 1461 1254 1854 1212 1148 1930 1212 1825 1703 1558 1395 1713 1650 1039 1504 1017 1290 1205 1376 1155 1405 1783 1555 1609 1843 1102 1434 1982 1811 1561 1464 1279 1851 1899 1902 1753 1138 1925 1142 1950 1699 BCNSPRNW ULIB Ver.6.0+V

เปลี่ยนเป็นภาษาไทย

Change to English
 แสดงรายละเอียดบรรณานุกรม
  กลับหน้าหลัก

Brief Record : Get Marc (ISO 2709) : E-mail record : QR code < ปิดหน้าต่าง
LEADER : 00000nam 2200000uu 4500
001    13399125426
003     ULIB
008    170601s||||||||th 000 0 tha d
020    ^a9786163447678
060  4 ^aWI700^bย415ด
100 0  ^aยุพาพิน ประเสริฐกุล
245 10 ^aดูแลตับ เทคนิคการป้องกันและรักษาโรคไวรัสตับทุกชนิด /^cยุพาพิน ประเสริฐกุล
250    ^aพิมพ์ครั้งที่2
260    ^aกรุงเทพฯ :^bFeel good,^c2559
300    ^a208 หน้า :^bภาพประกอบ
500    ^aชื่อเรื่องจากปกนอก
650  7 ^aตับอักเสบจากไวรัส^xการป้องกันและควบคุม
700 0  ^aอังสณา ปรึกษา,^eบรรณาธิการ
945    ^p160^l0^i24931
945    ^p160^l0^i24932
945    ^p160^l0^i24933
945    ^p160^l0^i24934
945    ^p160^l0^i24935
999    ^aกัณชพร
รายการนี้ยังไม่มีแท็ก
คุณยังไม่ได้ล็อกอิน คุณสามารถมีกิจกรรมร่วมกับเว็บไซต์ได้ แต่ต้องล็อกอินก่อน ::
  ล็อกอิน

รายการสื่อสารสนเทศ

ลำดับที่ ประเภท เลขเรียก/บาร์โค้ด สถานที่ สถานะ
1. หนังสือสำรอง
หนังสือสำรอง
สถานะ=หนังสือเก่า
WI700 ย415ด ฉ.1 
  Barcode: 24931
ห้องสมุดวิทยาเขตนครสวรรค์
►ส่วนจัดเก็บหนังสือเก่า นว.
บนชั้น
  ขอยืม
2. วิทยาศาสตร์การแพทย์ และสุขภาพ
วิทยาศาสตร์การแพทย์ และสุขภาพ
สถานะ=หนังสือเก่า
WI700 ย415ด ฉ.2 
  Barcode: 24932
ห้องสมุดวิทยาเขตนครสวรรค์
►ส่วนจัดเก็บหนังสือเก่า นว.
บนชั้น
  ขอยืม
3. วิทยาศาสตร์การแพทย์ และสุขภาพ
วิทยาศาสตร์การแพทย์ และสุขภาพ
สถานะ=หนังสือเก่า
WI700 ย415ด ฉ.3 
  Barcode: 24933
ห้องสมุดวิทยาเขตนครสวรรค์
►ส่วนจัดเก็บหนังสือเก่า นว.
บนชั้น
  ขอยืม
4. วิทยาศาสตร์การแพทย์ และสุขภาพ
วิทยาศาสตร์การแพทย์ และสุขภาพ
สถานะ=หนังสือเก่า
WI700 ย415ด ฉ.4 
  Barcode: 24934
ห้องสมุดวิทยาเขตนครสวรรค์
►ส่วนจัดเก็บหนังสือเก่า นว.
บนชั้น
  ขอยืม
5. วิทยาศาสตร์การแพทย์ และสุขภาพ
วิทยาศาสตร์การแพทย์ และสุขภาพ
สถานะ=หนังสือเก่า
WI700 ย415ด ฉ.5 
  Barcode: 24935
ห้องสมุดวิทยาเขตนครสวรรค์
►ส่วนจัดเก็บหนังสือเก่า นว.
บนชั้น
  ขอยืม

รายการใกล้เคียง
    ผู้แต่ง [ยุพาพิน ประเสริฐกุล]

BibComment


ยังไม่เคยถูกคอมเมนท์

คอมเมนท์ทรัพยากรรายการนี้
  คอมเมนท์: ดูแลตับ เทคนิคกา..


 Copyright 2026. Bcnsprnw @Library